000
00321nam a22001457a 4500
008
210521b ||||| |||| 00| 0 eng d
020
_a
0883634902
041
_a
eng
080
_a
34
082
_a
34
100
_a
16
101
_a
FIL
245
_a
LAW a Treasury of Art and Literature
_c
Robbins,S
942
_2
udc
_c
BK
999
_c
57603
_d
57603